Základná umelecká škola

Bibliographic Details
Main Author: Krišáková, J. (Author)
Format: Article
Language:Slovak
PhysicalDescription:Fotogr.
Subjects:

MARC

LEADER 00000nab a2200000 ar4500
001 vtls009937002
003 SK-MaSNL
005 20260305040939.0
008 090806c2009 xo mr|p|||||||000 b|slo
038 |a RVGKPD 
040 |a RVGKPD  |b slo  |c RVGKPD  |e AACR2 
041 |a slo 
044 |a xo  |c SK 
080 |a 374.1  |2 1997 
100 1 |a Krišáková, J.  |4 aut  |9 1027499 
245 1 0 |a Základná umelecká škola  |c J. Krišáková 
300 |b Fotogr. 
610 2 7 |a Základná umelecká škola (Dobšiná, Slovensko)  |2 rvgkpd  |9 58745 
651 7 |a Gočovo (Slovensko)  |2 rvgkpd  |9 58511 
651 7 |a Rožňava (Slovensko : okres)  |2 rvgkpd  |9 19215 
773 0 |t Dobšinské noviny  |g (júl 2009), s. 7 
852 |a RVGKPD  |b KIS3G 
992 |a RBX 
999 |c 3341155  |d 3343085